000 00834cam a2200277 i 4500
999 _c9333
_d9333
001 9333
003 BD-JhCC
005 20180313094127.0
008 790105t19791950nyu b 000 0 eng
020 _a0151511977 :
_c$10.00
035 _a(BD-JhCC)9333
040 _aDLC
_cDLC
_dDLC
_dBD-JhCC
041 _aeng
050 0 0 _aPS3539.R56
_bL5 1979
082 0 0 _a814/.5/2
_bTRI 1950
100 1 _aTrilling, Lionel,
_d1905-1975.
245 1 4 _aThe liberal imagination :
_bessays on literature and society /
_cLionel Trilling.
250 _aUniform ed.
260 _aNew York :
_bHarcourt Brace Jovanovich,
_c[1979] c1950.
300 _a[18], 284 p. ;
_c21 cm.
490 1 _aThe Works of Lionel Trilling
504 _aBibliography: 15th-16th prelim. pages.
650 0 _aLiterature and society.
942 _2ddc
_cBK